Advanced Accountancy (Record no. 51036)

MARC details
000 -LEADER
fixed length control field 00993nam a22002657a 4500
005 - DATE AND TIME OF LATEST TRANSACTION
control field 20110312171129.0
008 - FIXED-LENGTH DATA ELEMENTS--GENERAL INFORMATION
fixed length control field 110312t xxu||||| |||| 00| 0 eng d
010 ## - LCCN (DPL NO)
LC control number B-422620
020 ## - INTERNATIONAL STANDARD BOOK NUMBER
International Standard Book Number 978819048066
Terms of availability 600.00
035 ## - SYSTEM CONTROL NUMBER
System control number B-422620
037 ## - SOURCE OF ACQUISITION
Stock number UBH
Source of stock number/acquisition RP/BL-4
040 ## - CATALOGING SOURCE
Original cataloging agency dpl
050 ## - LIBRARY OF CONGRESS CALL NUMBER
DPL Classification number 657
082 ## - DEWEY DECIMAL CLASSIFICATION NUMBER
Classification number 657
100 ## - MAIN ENTRY--PERSONAL NAME
Personal name Sharma,Parveen
9 (RLIN) 26522
245 ## - TITLE STATEMENT
Title Advanced Accountancy
Statement of responsibility, etc Parveen Sharma
250 ## - EDITION STATEMENT
Edition statement 20th ed,(revised)
260 ## - PUBLICATION, DISTRIBUTION, ETC. (IMPRINT)
Place of publication, distribution, etc New Delhi
Name of publisher, distributor, etc Parveen Sharma
Date of publication, distribution, etc 2001
270 ## - ADDRESS
Address Ground Floor,Convention Centre,Indian Medical Association Building,I,P,Marg
City New Delhi
Postal code 110002
Telephone number 9310273102
300 ## - PHYSICAL DESCRIPTION
Extent xiv,508,xxp
Dimensions 27cm
700 ## - ADDED ENTRY--PERSONAL NAME
Personal name Sharma,Parveen
9 (RLIN) 26523
942 ## - ADDED ENTRY ELEMENTS (KOHA)
Source of classification or shelving scheme Dewey Decimal Classification
Item type English Books
Classification part 657
Call number suffix SHA
Holdings
Withdrawn status Lost status Source of classification or shelving scheme Damaged status Not for loan Collection code Home library Current library Shelving location Date acquired Source of acquisition Cost, normal purchase price Total Checkouts Full call number Barcode Date last seen Copy number Cost, replacement price Koha item type
    Dewey Decimal Classification     Non-fiction Shahdara Branch Shahdara Branch General Stacks 12/03/2011 UBH/253/15/15.2.11/1/RP/BL-4 600.00 1 657 SHA B-422620 23/03/2026 1 600.00 English Books

© Delhi Public Library
Hit Counter
free hit counter